| 000 | 01121nam a22002657a 4500 | ||
|---|---|---|---|
| 003 | OSt | ||
| 005 | 20251015160900.0 | ||
| 008 | 240201b ||||| |||| 00| 0 eng d | ||
| 040 | _c0 | ||
| 082 | _aDPer 621.317 Ie21 January 2022 v. 37 n. 1 | ||
| 100 |
_aHuang, Wen. _eauthor. _951034 |
||
| 245 |
_aDynamical reconfigurable master-slave control architecture (DRMSCA) for voltage regulation in islanded microgrids / _cWen Huang, Zhikang Shuai, Xia Shen, Yifeng Li, and Z. John Shen. |
||
| 260 |
_aNew York ; _bThe Institute of Electrical and Electronics Engineers, Inc. , _cJanuary 2022. |
||
| 300 |
_aVolume 37, pages 249-263 : _billustration ; _c28 cm. |
||
| 500 | _aIEEE Transactions on Power Electronics, v. 37 n. 1, pages 249-268, January 2022. | ||
| 650 |
_aElectronics. _957042 |
||
| 650 |
_aElectric controllers. _911715 |
||
| 650 | 0 |
_aVoltage fluctuations. _965751 |
|
| 700 |
_aHuang, Wen. _eauthor. _951034 |
||
| 700 |
_aShuai, Zhikang. _eauthor. _951035 |
||
| 700 |
_aShen, Xia. _eauthor. _951036 |
||
| 700 |
_aLi, Yifeng. _eauthor. _951037 |
||
| 700 |
_aShen, Z. John. _eauthor. _951038 |
||
| 942 |
_2ddc _cPER |
||
| 999 |
_c18840 _d18840 |
||